Представление документа в формате MARC21

Поле Инд. ПП Название Значение
Тип записи a
Библиографический уровень m
001 Контрольный номер RU/IS/BASE/392481835
005 Дата корректировки 20140703203146.6
040 a Служба первич. каталог. НБ ТвГУ
b Код языка каталог. rus
e Правила каталог. PSBO
041 0_ a Код языка текста rus
080 a Индекс УДК 316.3(043.3)
084 a Индекс другой классификации/Индекс ББК С027.1я031
090 a Полочн. индекс С027.1
x Авторский знак Г 83
100 1_ a Автор Григорьева Светлана Александровна
q Полное имя Григорьева С. А.
245 10 a Заглавие Гражданское общество как самоорганизующаяся система: специфика взаимодействия элементов
b Продолж. заглавия дис. ... к.филос.н. : 09.00.11
c Ответственность ГОУ ВПО "Самар. гос. архитектурно-строит. ун-т"
260 a Место издания Самара
c Дата издания 2012
300 a Объем 124 с.
500 a Примечание На правах рукоп.
502 a Примечание о диссертации Дис. (канд.) - ГОУ ВПО "Самарский государственный архитектурно-строительный университет", 2012
504 a Библиография Библиогр.: с. 110-124 (168 назв.)
653 a Ключевые слова Власть
a Ключевые слова Гражданское общество
a Ключевые слова Диссертации
a Ключевые слова Общественные отношения
a Ключевые слова Самоорганизующиеся системы
a Ключевые слова Социальная философия
a Ключевые слова Философия
a Ключевые слова Элементы гражданственности
901 t Тип документа m
920 a Оператор Густ
930 a Новая/Ретро диссертации
952 c Вид литературы Дис н
954 a Дата поступления на обработку 20120621